Turbo Vision : Výklad a programování /

Salvato in:
Dettagli Bibliografici
Autore principale: Benyovszký, Štepán (Autore)
Natura: Libro
Lingua:ceco
Pubblicazione: Praha : Grada, 1992
Edizione:1.vyd.
Serie:"Nestůjte za dveřmi
Soggetti:
Tags: Aggiungi Tag
Nessun Tag, puoi essere il primo ad aggiungerne!!

MARC

LEADER 00000nam a22000003a 4500
001 stu2145
005 20200923115954.5
008 921125s1992----cs------------------cze-d
020 |a 80-85-424-78-X 
040 |a STU  |b slo 
041 0 |a cze 
044 |a cs 
080 |a 681.32.06 
080 |a TURBO VISION 
080 |a 519.682 
100 1 |a Benyovszký, Štepán  |4 aut 
245 1 |a Turbo Vision :  |b Výklad a programování /  |c [aut.] Benyovszký,řtepán 
250 |a 1.vyd. 
260 |a Praha :  |b Grada,  |c 1992 
300 |a 190 s 
650 7 |a programové systémy  |2 stusub 
650 7 |a programovanie pre počítače  |2 stusub 
830 0 |a "Nestůjte za dveřmi 
996 |b I4645  |c I*4645  |l II680  |s A  |a 24  |w stu2145_0002